| 000 | 00292 a2200097 4500 | ||
|---|---|---|---|
| 001 | 34255 | ||
| 090 |
_c22666 _d22666 |
||
| 100 | _aSajjad Ali Shah, Justice Retd | ||
| 245 | _aLaw Courts in a Glass House:An Autobiography ( 664B actioned and boardedout) | ||
| 260 |
_aKarachi _bOxford University Press _c2001 |
||
| 942 | _aNUST-CAE | ||
| 999 |
_c269328 _d269328 |
||